00476 2200193 4500001002100000005001500021035002000036008004100056245004600097100001600143250000600159260004600165300001100211084001400222082000800236650001400244990001200258990001200270INLIS00000000000048520240430112102 a0010-0424000461240430 0 ind 1 aPelestarian Hutan Mangrove /cSuwarman P. aSuwarman P. a1 aYogyakarta :bPT. Citra Aji Parama,c2015 a60 hlm a600 SUW p a600 4aNon Fiksi a0728554 a0728555